Prohibido Olvidar. (Registro nro. 198)
[ vista simple ]
| 000 -LEADER | |
|---|---|
| fixed length control field | 00943nam a22002657a 4500 |
| 003 - CONTROL NUMBER IDENTIFIER | |
| control field | OSt |
| 005 - DATE AND TIME OF LATEST TRANSACTION | |
| control field | 20240220131857.0 |
| 008 - FIXED-LENGTH DATA ELEMENTS--GENERAL INFORMATION | |
| fixed length control field | 240220s1998 ag ||||| |||| 00| 0 spa d |
| 020 ## - INTERNATIONAL STANDARD BOOK NUMBER | |
| International Standard Book Number | 9508600659 |
| 040 ## - CATALOGING SOURCE | |
| Transcribing agency | besoc |
| 245 ## - TITLE STATEMENT | |
| Title | Prohibido Olvidar. |
| Remainder of title | Brochazos de la Memoria. |
| 260 ## - PUBLICATION, DISTRIBUTION, ETC. | |
| Place of publication, distribution, etc. | Buenos Aires |
| Name of publisher, distributor, etc. | Desde la Gente |
| 300 ## - PHYSICAL DESCRIPTION | |
| Extent | 128 p. |
| 505 ## - FORMATTED CONTENTS NOTE | |
| Formatted contents note | Carta abierta a la junta Militar-Interrupciones II: exilio-Recuerdos de la mente-El señor Lafforgue-La mala sangre-La larga brisa de todos estos años-Cadáveres-Cuarteles de invierno-Pescados en la playa. |
| 700 ## - ADDED ENTRY--PERSONAL NAME | |
| Personal name | Bonasso, Miguel |
| Relator term | autor |
| 700 ## - ADDED ENTRY--PERSONAL NAME | |
| Personal name | Perlongher, Nestor |
| Relator term | autor |
| 700 ## - ADDED ENTRY--PERSONAL NAME | |
| Personal name | Soriano, Osvaldo |
| Relator term | autor |
| 700 ## - ADDED ENTRY--PERSONAL NAME | |
| Personal name | Rivero, Andrés |
| Relator term | autor |
| 700 ## - ADDED ENTRY--PERSONAL NAME | |
| Personal name | Fogwil, Rodolfo Enrique |
| Relator term | autor |
| 700 ## - ADDED ENTRY--PERSONAL NAME | |
| Personal name | Gelam, Juan |
| Relator term | autor |
| 700 ## - ADDED ENTRY--PERSONAL NAME | |
| Personal name | Pavlowsky, Eduardo |
| Relator term | autor |
| 700 ## - ADDED ENTRY--PERSONAL NAME | |
| Personal name | Gámbaro, Griselda |
| Relator term | autor |
| 700 ## - ADDED ENTRY--PERSONAL NAME | |
| Personal name | Walsh, Adolfo |
| Relator term | autor |
| 942 ## - ADDED ENTRY ELEMENTS (KOHA) | |
| Source of classification or shelving scheme | Universal Decimal Classification |
| Koha item type | Libro de préstamo a domicilio |
| Suppress in OPAC | No |
No hay ítems disponibles.